Detalles MARC
| 000 -LÍDER |
| Campo fijo de descripción fija |
02447nam a2200373 i 4500 |
| 001 - NÚMERO DE CONTROL |
| Campo de control |
768714001 |
| 003 - IDENTIFICADOR DEL NÚMERO DE CONTROL |
| Campo de control |
CO-MdFUSB |
| 005 - FECHA Y HORA DE LA ULTIMA TRANSACCIÓN |
| control field |
20260326112631.0 |
| 007 - CAMPO FIJO DE DESCRIPCIÓN FIJA--INFORMACIÓN GENERAL |
| Campo fijo de descripción fija |
ta |
| 008 - ELEMENTOS DE LONGITUD FIJA -- INFORMACIÓN GENERAL |
| Campo fijo de descripción fija -- Información general |
241104t2015 ck d|||| |||| 001 0 spa d |
| 020 ## - NÚMERO INTERNACIONAL NORMALIZADO PARA LIBROS |
| Número Internacional Normalizado del libro |
978-958-58812-7-3 |
| 040 ## - FUENTE DE CATALOGACIÓN |
| Idioma de catalogación |
spa. |
| Agencia de catalogación original |
CO-MdFUSB |
| Agencia que realiza la transcripción |
CO-MdFUSB |
| Agencia que realiza la modificación |
CO-MdFUSBC |
| Convenciones de la descripción |
rda |
| 041 ## - CÓDIGO DE IDIOMA |
| Código de idioma para texto/pista de sonido o título separado |
spa |
| Código de idioma original |
eng |
| 082 ## - NÚMERO DE CLASIFICACIÓN DECIMAL DEWEY |
| Número de la edición del Dewey |
23 |
| Número de clasificación |
230.42 |
| Clave de autor-Numero de item |
W729 |
| 100 ## - ASIENTO PRINCIPAL--NOMBRE PERSONAL |
| Nombre personal |
Williamson, G.I., |
| Término relacionador |
autor |
| 240 ## - TITULO UNIFORME |
| Título uniforme |
<a href="The Westminster confession of faith for study clases.">The Westminster confession of faith for study clases.</a> |
| 245 13 - TÍTULO |
| Título del Material |
La confesión de fe de Westminster : |
| Parte restante del título - Subtitulo |
para clases de estudio |
| Mención de responsabilidad, etc. |
/ G.I. Williamson ; traducido por Deborah J. Adams de Ardiles |
| 264 #1 - PRODUCCIÓN, PUBLICACIÓN, DISTRIBUCIÓN, MANUFACTURA, Y COPYRIGHT |
| Lugar de producción, publicación, distribución, manufactura |
Medellín, Colombia : |
| Nombre del productor, publicador, distribuidor |
Poiema, |
| Fecha de producción, publicación, distribución, manufactura, o copyright |
[2015] |
| 264 #4 - PRODUCCIÓN, PUBLICACIÓN, DISTRIBUCIÓN, MANUFACTURA, Y COPYRIGHT |
| Fecha de producción, publicación, distribución, manufactura, o copyright |
©2015 |
| 300 ## - DESCRIPCIÓN FÍSICA |
| Extensión |
430 páginas |
| Dimensiones |
; 23 cm |
| 336 ## - TIPO DE CONTENIDO |
| Fuente |
rdacontent |
| Término de tipo de contenido |
texto |
| Código de tipo de contenido |
txt |
| 337 ## - TIPO DE MEDIO |
| Fuente |
rdamedia |
| Nombre del tipo de medio |
sin mediación |
| Código del tipo de medio |
n |
| 338 ## - TIPO DE SOPORTE |
| Fuente |
rdacarrier |
| Nombre del tipo de soporte |
volumen |
| Código Tipo de soporte |
nc |
| 500 ## - NOTA GENERAL |
| Nota General |
Incluye índice |
| 505 ## - NOTA DE CONTENIDO |
| Nota de contenido con formato preestablecido |
De las Sagradas Escrituras (I). -- De Dios y la Santa Trinidad (II). -- Del decreto eterno de Dios (III). -- De la creación (IV). -- De la providencia (V). -- De la caída del hombre, del pecado y de su merecido castigo (VI). -- Del pacto de Dios con el hombre (VII). -- De Cristo el Mediador (VIII). -- Del libre albedrío (IX). -- Del llamamiento eficaz (X). -- De la fe salvadora (XIV) y del arrepentimiento para vida eterna (XV). -- De la justificación (XI). -- De la adopción (XII). -- De la santificación (XIII). -- De las buenas obras (XVI). -- De la perseverancia de los santos (XVII). -- De la seguridad de la gracia y la salvación (XVIII). -- De la ley de Dios (XIX). -- De la libertad cristiana y la libertad de conciencia (XX). -- De la adoración religiosa y el día de reposo (XXI). -- De los juramentos y votos lícitos (XXII). -- Del matrimonio y el divorcio (XXIV). -- De la iglesia (XXV). -- De la comunión de los santos (XXVI). -- De los sacramentos (XXVII). -- Del bautismo (XXVIII). -- De la Cena del Señor (XXIX). -- De las censuras eclesiásticas (XXX). -- Del magistrado civil (XXIII). -- De los sínodos y concilios (XXXI). -- Del estado del hombre después de la muerte y de la resurrección de los muertos (XXXII). -- Del juicio final (XXXIII). |
| 563 ## - NOTA DE ENCUADERNACIÓN |
| Nota de encuadernación |
Rústico |
| 650 #0 - ASIENTO SECUNDARIO DE MATERIA - TERMINO TEMÁTICO |
| Término temático o nombre geográfico como elemento de entrada |
Biblia |
| 9 (RLIN) |
16 |
| 650 #7 - ASIENTO SECUNDARIO DE MATERIA - TERMINO TEMÁTICO |
| Término temático o nombre geográfico como elemento de entrada |
Cristianismo |
| 9 (RLIN) |
22 |
| 653 ## - TÉRMINO DE INDIZACIÓN - NO CONTROLADO |
| Término no controlado |
Confesión de fe |
| 653 ## - TÉRMINO DE INDIZACIÓN - NO CONTROLADO |
| Término no controlado |
Westminster |
| 700 ## - ASIENTO SECUNDARIO - NOMBRE PERSONAL |
| Nombre personal |
Adams de Ardiles, Deborah J., |
| 9 (RLIN) |
11045 |
| Responsabilidad |
traductor |
| 942 ## - TIPO DE MATERIAL (KOHA) |
| Tipo de Item KOHA |
Libros General |
| 945 ## - INFORMACIÓN LOCAL DEL REGISTRO |
| Catalogador |
Catherine Arias Alvarez |